| 000 | 01229nam a2200325 a 4500 | ||
|---|---|---|---|
| 001 | 000109409 | ||
| 003 | CHAP | ||
| 005 | 20220329144049.0 | ||
| 008 | 140425s2013 mx sm |||||||spa d | ||
| 010 | _a105871 | ||
| 011 | _a106843 | ||
| 040 | _cCHAP | ||
| 090 | _aTesis | ||
| 100 | 1 |
_aTejeda Reyes, Manuel Alejandro _9112025 |
|
| 245 | 1 | 0 |
_aProgramas de manejo químico para el control de bactericera cockerelli (sulc) en el cultivo de papa en el Estado de México _h[En línea] _cpor Manuel Alejandro Tejeda Reyes. |
| 260 |
_aChapingo, Méx. : _bEl autor, _c2013. |
||
| 500 | _aPara ver el contenido del material haga clic en la liga | ||
| 502 | _aTesis (MC. en Protección Vegetal) -- UACH. Departamento Parasitología Agrícola | ||
| 590 |
_aBATCH-UPD _b05 _c20141002 _lUCH01 _h0902 |
||
| 590 |
_aE5765TAJ _b05 _c20140425 _lUCH01 _h0924 |
||
| 590 |
_aE5765TAJ _b05 _c20140425 _lUCH01 _h0925 |
||
| 650 | 1 | 4 |
_aInsecticidas _xAplicación. _958857 |
| 650 | 1 | 4 |
_aPapa _xEnfermedades por bacterias. _985228 |
| 650 | 1 | 4 |
_aPapa _xPlagas _xControl. _985271 |
| 650 | 1 | 4 |
_aParatrioza cockerelli. _985482 |
| 856 |
_aFinding aid _uhttp://10.13.5.2/tesis/sist109409.pdf _zTeclea aquí |
||
| 901 | _aBK | ||
| 942 | _cTESIS | ||
| 942 | _n0 | ||
| 999 |
_c105871 _d105871 |
||